Nucleic acid and protein contents in the leaves of rice (Oriza sativa, L) as affected by sodium chloride

保存先:
書誌詳細
第一著者: Nguyễn Thị Thanh Tuyền
フォーマット: 図書
言語:Undetermined
出版事項: Los Banos Univ. of Philippines 1976
主題:
タグ: タグ追加
タグなし, このレコードへの初めてのタグを付けませんか!
Thư viện lưu trữ: Trung tâm Học liệu Trường Đại học Cần Thơ
LEADER 00595nam a2200181Ia 4500
001 CTU_8737
008 210402s9999 xx 000 0 und d
082 |a 581.19296 
082 |b T527 
100 |a Nguyễn Thị Thanh Tuyền 
245 0 |a Nucleic acid and protein contents in the leaves of rice (Oriza sativa, L) as affected by sodium chloride 
245 0 |c Nguyễn Thị Thanh Tuyền 
260 |a Los Banos 
260 |b Univ. of Philippines 
260 |c 1976 
650 |a plant physiology 
904 |i Minh, 960919 
980 |a Trung tâm Học liệu Trường Đại học Cần Thơ